书目信息 |
| 题名: |
汉藏系语言和汉语方言比较研究
|
|
| 作者: | 张惠英 | |
| 分册: | ||
| 出版信息: | 北京 民族出版社 37288 |
|
| 页数: | 345页 | |
| 开本: | 20cm | |
| 丛书名: | ||
| 单 册: | ||
| 中图分类: | H407 | |
| 科图分类: | ||
| 主题词: | 汉藏语系 | |
| 电子资源: | ||
| ISBN: | 7-105-04955-3 | |
| 000 | 00542nam0 2200181 450 | |
| 001 | 0728815141 | |
| 005 | 20070819080015.14 | |
| 010 | @a7-105-04955-3@d¥25.00 | |
| 100 | @a20070819d km y0chiy0120 ea | |
| 101 | 0 | @achi |
| 200 | 1 | @a汉藏系语言和汉语方言比较研究@Ahan cang xi yu yan he han yu fang yan bi jiao yan jiu@f张惠英@Fzhang hui ying |
| 210 | @a北京@c民族出版社@d37288 | |
| 215 | @a345页@d20cm | |
| 606 | 0 | @a汉藏语系 |
| 690 | @aH407@v3 | |
| 701 | 0 | @a张惠英@Azhang hui ying |
| 801 | 0 | @aCN@bPFT@c20070819 |
| 905 | @a213230@dH407@eZW3@f1 | |
| 汉藏系语言和汉语方言比较研究/张惠英.-北京:民族出版社,37288 |
| 345页;20cm |
| ISBN 7-105-04955-3:¥25.00 |
| ● |
| 相关链接 |
|
|
|
|
正题名:汉藏系语言和汉语方言比较研究
索取号:H407/ZW3
 
预约/预借
| 序号 | 登录号 | 条形码 | 馆藏地/架位号 | 状态 | 备注 |
| 1 | 7604406 | 276044068 | 密集书库-文学院/ [索取号:H407/ZW3] | 在馆 |